Revitalizácia vlastností starnutého papiera

Saved in:
Bibliographic Details
Main Author: Poláková, Jana
Format: Software Book
Language:Slovak
Published: Bratislava STU FCHPT 2008
Online Access:View in OPAC
Tags: Add Tag
No Tags, Be the first to tag this record!

MARC

LEADER 00000nam a2200000 a 4500
005 20260127133941.0
007 co ugu
008 080905 2008 xo 000 0 slo d
035 |a vtls009330340 
039 9 |a 200809050959  |b mschk03  |y 200809050958  |z mschk03 
040 |a STUSCHK1  |b slo  |c STUSCHK1  |e AACR2 
100 1 |a Poláková, Jana 
245 1 |a Revitalizácia vlastností starnutého papiera 
260 |a Bratislava  |b STU FCHPT  |c 2008 
500 |a Obhaj.: 10.6. 2008 
500 |a Zameranie: chemická technológia dreva, celulózy a papiera 
500 |a Študijný odbor: 5.2.18 chemické technológie 
500 |a diplomová práca na CD-ROMe 
910 |a SCHK95 
999 |c 709  |d 709